| 000 | 00690nam a2200217 a 4500 | ||
|---|---|---|---|
| 005 | 20240228063845.0 | ||
| 008 | 031016s1995 mx r 000 0 spa d | ||
| 020 | _a9681646193 | ||
| 035 | _aUPN01000130242 | ||
| 049 | _aI | ||
| 050 | 4 |
_aPZ71 _bV3.34 |
|
| 100 | 1 |
_aVan Allsburg, Chris, _d1949- _933332 |
|
| 245 | 1 | 3 |
_aEl higo más dulce / _cChris Van Allsburg ; tr. Francisco Segovia. |
| 260 |
_aMéxico : _bFCE, _c1995. |
||
| 300 |
_a[28] p. : _bprincipalmente il. col. |
||
| 440 | 4 | _aLos especiales de a la orilla del viento | |
| 534 |
_pTraducción de: _tThe sweetest fig |
||
| 650 | 4 |
_aCuentos infantiles _96744 |
|
| 650 | 4 |
_aLibros y lectura para niños _92290 |
|
| 905 | _aInfantil | ||
| 999 |
_c102399 _d102399 |
||